Adventure of Peter pan / (Record no. 29998)

MARC details
000 -LEADER
fixed length control field 00739nam a22002177a 4500
005 - DATE AND TIME OF LATEST TRANSACTION
control field 20090904115956.0
008 - FIXED-LENGTH DATA ELEMENTS--GENERAL INFORMATION
fixed length control field 090903t xxu||||| |||| 00| 0 eng d
010 ## - LCCN (DPL NO)
LC control number B-356987
020 ## - INTERNATIONAL STANDARD BOOK NUMBER
International Standard Book Number 9788171873494
Terms of availability 25.00
035 ## - SYSTEM CONTROL NUMBER
System control number B-356987
037 ## - SOURCE OF ACQUISITION
Source of stock number/acquisition DBAD / PUB
040 ## - CATALOGING SOURCE
Original cataloging agency dpl
Language of cataloging English
082 ## - DEWEY DECIMAL CLASSIFICATION NUMBER
Classification number S
245 ## - TITLE STATEMENT
Title Adventure of Peter pan /
Statement of responsibility, etc adapted by Payal
260 ## - PUBLICATION, DISTRIBUTION, ETC. (IMPRINT)
Name of publisher, distributor, etc Book Palace
Date of publication, distribution, etc (200?)
300 ## - PHYSICAL DESCRIPTION
Extent 11p. :
Dimensions 22cm(pbk)
Other physical details col. ill.
490 ## - SERIES STATEMENT
Series statement Read alound Granny's stories series
650 ## - SUBJECT ADDED ENTRY--TOPICAL TERM
Topical term or geographic name as entry element Children stories, English
942 ## - ADDED ENTRY ELEMENTS (KOHA)
Source of classification or shelving scheme Dewey Decimal Classification
Item type Children Books
Classification part S
Call number suffix ADV
Holdings
Withdrawn status Lost status Source of classification or shelving scheme Damaged status Not for loan Collection code Home library Current library Date acquired Source of acquisition Cost, normal purchase price Total Checkouts Total Renewals Full call number Barcode Date last seen Copy number Cost, replacement price Koha item type
Withdrawn   Dewey Decimal Classification     Fiction Janak Puri Janak Puri 04/09/2009 DBAD / PUB 25.00 35 1 S ADV B-356987 24/09/2012 1 25.00 Children Books

© Delhi Public Library
Hit Counter
free hit counter